000 00286nam a22001337a 4500
008 170628b xxu||||| |||| 00| 0 eng d
020 _a070305722
041 _aeng
080 _a82
100 _a21
101 _aGJL
245 _aTHE LITERATURE OF AMERICA
_cHOWE,I
942 _2udc
_cBK
999 _c19376
_d19376